[Event "2024 US National High School (K-12) Championship"]
[Site "Baltimore, Maryland, United States"]
[Date "2024.04.06"]
[Round "4.1"]
[White "Gao, Marvin"]
[Black "Wang, Jason"]
[Result "0-1"]
[TimeControl "G/90; d10"]
[WhiteTitle "CM"]
[BlackTitle "IM"]
[WhiteFideId "30920175"]
[BlackFideId "30908124"]
[WhiteElo "2325"]
[BlackElo "2563"]

1. e4 {[%clk 01:29:10]} {[%emt 00:00:59]} c5 {[%clk 01:30:00]} {[%emt
00:00:04]} 2. Nf3 {[%clk 01:29:10]} {[%emt 00:00:08]} e6 {[%clk 01:30:00]}
{[%emt 00:00:03]} 3. d4 {[%clk 01:28:40]} {[%emt 00:00:39]} cxd4 {[%clk
01:30:00]} {[%emt 00:00:04]} 4. Nxd4 {[%clk 01:28:40]} {[%emt 00:00:07]} Nc6
{[%clk 01:30:00]} {[%emt 00:00:03]} 5. Nc3 {[%clk 01:28:22]} {[%emt 00:00:28]}
Qc7 {[%clk 01:30:00]} {[%emt 00:00:05]} 6. Be3 {[%clk 01:26:06]} {[%emt
00:02:27]} a6 {[%clk 01:30:00]} {[%emt 00:00:05]} 7. Bd3 {[%clk 01:23:38]}
{[%emt 00:02:37]} b5 {[%clk 01:27:30]} {[%emt 00:02:40]} 8. O-O {[%clk
01:18:03]} {[%emt 00:05:45]} Bb7 {[%clk 01:25:38]} {[%emt 00:02:03]} 9. Qe2
{[%clk 01:12:22]} {[%emt 00:05:51]} Nf6 {[%clk 01:22:37]} {[%emt 00:03:11]} 10.
f4 {[%clk 01:09:45]} {[%emt 00:02:46]} d6 {[%clk 01:11:06]} {[%emt 00:11:41]}
11. a3 {[%clk 00:56:42]} {[%emt 00:13:13]} Be7 {[%clk 01:07:37]} {[%emt
00:03:39]} 12. Rae1 {[%clk 00:53:15]} {[%emt 00:03:37]} O-O {[%clk 01:00:08]}
{[%emt 00:07:39]} 13. g4 {[%clk 00:33:21]} {[%emt 00:20:05]} Nd7 {[%clk
00:49:17]} {[%emt 00:11:01]} 14. g5 {[%clk 00:23:43]} {[%emt 00:09:47]} Rfe8
{[%clk 00:45:13]} {[%emt 00:04:14]} 15. Rf3 {[%clk 00:19:32]} {[%emt 00:04:21]}
g6 {[%clk 00:38:14]} {[%emt 00:07:09]} 16. Rh3 {[%clk 00:17:57]} {[%emt
00:01:45]} Nxd4 {[%clk 00:33:39]} {[%emt 00:04:46]} 17. Bxd4 {[%clk 00:17:57]}
{[%emt 00:00:02]} e5 {[%clk 00:33:39]} {[%emt 00:00:09]} 18. Be3 {[%clk
00:15:13]} {[%emt 00:02:54]} exf4 {[%clk 00:29:07]} {[%emt 00:04:41]} 19. Bxf4
{[%clk 00:15:13]} {[%emt 00:00:03]} Qc5+ {[%clk 00:27:50]} {[%emt 00:01:27]} 20.
Qe3 {[%clk 00:11:56]} {[%emt 00:03:26]} Bf8 {[%clk 00:24:30]} {[%emt 00:03:31]}
21. Kf1 {[%clk 00:10:18]} {[%emt 00:01:48]} Bg7 {[%clk 00:22:08]} {[%emt
00:02:32]} 22. Qg3 {[%clk 00:07:53]} {[%emt 00:02:35]} Be5 {[%clk 00:22:08]}
{[%emt 00:00:09]} 23. Re2 {[%clk 00:07:15]} {[%emt 00:00:47]} Nf8 {[%clk
00:21:07]} {[%emt 00:01:12]} 24. Rf2 {[%clk 00:07:09]} {[%emt 00:00:16]} Rad8
{[%clk 00:19:14]} {[%emt 00:02:03]} 25. Qh4 {[%clk 00:05:52]} {[%emt 00:01:28]}
Bxc3 {[%clk 00:17:09]} {[%emt 00:02:15]} 26. bxc3 {[%clk 00:05:45]} {[%emt
00:00:17]} Bxe4 {[%clk 00:16:58]} {[%emt 00:00:20]} 27. Bd2 {[%clk 00:03:56]}
{[%emt 00:01:59]} Qd5 {[%clk 00:13:47]} {[%emt 00:03:21]} 28. Kg1 {[%clk
00:03:19]} {[%emt 00:00:47]} Re5 {[%clk 00:13:47]} {[%emt 00:00:08]} 29. Qf4
{[%clk 00:03:13]} {[%emt 00:00:16]} Rde8 {[%clk 00:13:02]} {[%emt 00:00:55]} 30.
Qf6 {[%clk 00:02:16]} {[%emt 00:01:06]} Nd7 {[%clk 00:11:17]} {[%emt 00:01:54]}
31. Qf4 {[%clk 00:02:16]} {[%emt 00:00:03]} Rf5 {[%clk 00:10:28]} {[%emt
00:00:59]} 32. Qh4 {[%clk 00:02:16]} {[%emt 00:00:03]} Nf8 {[%clk 00:10:28]}
{[%emt 00:00:08]} 33. Re2 {[%clk 00:02:07]} {[%emt 00:00:19]} Bxd3 {[%clk
00:09:51]} {[%emt 00:00:47]} 34. Rxd3 {[%clk 00:02:07]} {[%emt 00:00:04]} Rxe2
{[%clk 00:09:51]} {[%emt 00:00:06]} 35. Rxd5 {[%clk 00:02:06]} {[%emt
00:00:11]} Rxd5 {[%clk 00:09:51]} {[%emt 00:00:02]} 36. Be1 {[%clk 00:02:06]}
{[%emt 00:00:08]} Rd1 {[%clk 00:09:51]} {[%emt 00:00:04]} 0-1

[Event "2024 US National High School (K-12) Championship"]
[Site "Baltimore, Maryland, United States"]
[Date "2024.04.06"]
[Round "4.2"]
[White "Chasin, Nico Werner"]
[Black "Mei, Austin R"]
[Result "0-1"]
[TimeControl "G/90; d10"]
[WhiteTitle "IM"]
[BlackTitle "FM"]
[WhiteFideId "30908477"]
[BlackFideId "30948479"]
[WhiteElo "2522"]
[BlackElo "2331"]

1. d4 {[%clk 01:17:12]} {[%emt 00:12:58]} Nf6 {[%clk 01:30:00]} {[%emt
00:00:02]} 2. c4 {[%clk 01:17:12]} {[%emt 00:00:05]} g6 {[%clk 01:30:00]}
{[%emt 00:00:04]} 3. Nc3 {[%clk 01:17:12]} {[%emt 00:00:03]} Bg7 {[%clk
01:30:00]} {[%emt 00:00:04]} 4. e4 {[%clk 01:17:12]} {[%emt 00:00:03]} O-O
{[%clk 01:30:00]} {[%emt 00:00:04]} 5. Be3 {[%clk 01:17:12]} {[%emt 00:00:10]}
d6 {[%clk 01:30:00]} {[%emt 00:00:07]} 6. Be2 {[%clk 01:17:12]} {[%emt
00:00:02]} c5 {[%clk 01:25:50]} {[%emt 00:04:21]} 7. d5 {[%clk 01:16:41]}
{[%emt 00:00:39]} e6 {[%clk 01:25:50]} {[%emt 00:00:05]} 8. Nf3 {[%clk
01:16:41]} {[%emt 00:00:08]} exd5 {[%clk 01:25:48]} {[%emt 00:00:13]} 9. cxd5
{[%clk 01:16:41]} {[%emt 00:00:04]} b5 {[%clk 01:25:07]} {[%emt 00:00:53]} 10.
e5 {[%clk 01:16:41]} {[%emt 00:00:01]} dxe5 {[%clk 01:25:07]} {[%emt 00:00:02]}
11. Bxc5 {[%clk 01:16:37]} {[%emt 00:00:14]} Re8 {[%clk 01:25:07]} {[%emt
00:00:02]} 12. Bxb5 {[%clk 01:16:37]} {[%emt 00:00:07]} Nbd7 {[%clk 01:25:07]}
{[%emt 00:00:01]} 13. Be3 {[%clk 01:12:22]} {[%emt 00:04:23]} a6 {[%clk
01:23:42]} {[%emt 00:01:36]} 14. Bc6 {[%clk 01:10:49]} {[%emt 00:01:43]} Rb8
{[%clk 01:23:42]} {[%emt 00:00:06]} 15. O-O {[%clk 01:10:27]} {[%emt 00:00:32]}
Ng4 {[%clk 01:10:34]} {[%emt 00:13:18]} 16. Bg5 {[%clk 01:09:19]} {[%emt
00:01:18]} f6 {[%clk 01:07:39]} {[%emt 00:03:04]} 17. Bc1 {[%clk 01:07:28]}
{[%emt 00:02:03]} Rf8 {[%clk 01:02:19]} {[%emt 00:05:28]} 18. Ne4 {[%clk
01:04:04]} {[%emt 00:03:35]} f5 {[%clk 00:43:03]} {[%emt 00:19:26]} 19. Nfg5
{[%clk 01:04:04]} {[%emt 00:00:09]} Ndf6 {[%clk 00:33:33]} {[%emt 00:09:40]} 20.
Nc5 {[%clk 01:03:52]} {[%emt 00:00:22]} Qd6 {[%clk 00:32:38]} {[%emt 00:01:05]}
21. Nce6 {[%clk 01:01:34]} {[%emt 00:02:28]} h6 {[%clk 00:28:04]} {[%emt
00:04:44]} 22. Nxf8 {[%clk 01:01:34]} {[%emt 00:00:09]} hxg5 {[%clk 00:28:04]}
{[%emt 00:00:08]} 23. Nxg6 {[%clk 01:01:34]} {[%emt 00:00:03]} e4 {[%clk
00:26:33]} {[%emt 00:01:41]} 24. g3 {[%clk 01:01:34]} {[%emt 00:00:10]} Kf7
{[%clk 00:26:31]} {[%emt 00:00:12]} 25. h3 {[%clk 01:00:32]} {[%emt 00:01:12]}
Kxg6 {[%clk 00:26:31]} {[%emt 00:00:07]} 26. hxg4 {[%clk 01:00:13]} {[%emt
00:00:28]} Nxg4 {[%clk 00:26:31]} {[%emt 00:00:12]} 27. Qe2 {[%clk 00:58:04]}
{[%emt 00:02:19]} Bd4 {[%clk 00:21:14]} {[%emt 00:05:27]} 28. Kg2 {[%clk
00:55:55]} {[%emt 00:02:18]} Qe5 {[%clk 00:21:14]} {[%emt 00:00:02]} 29. d6
{[%clk 00:53:04]} {[%emt 00:03:02]} Qxd6 {[%emt 00:00:44]} 30. Be8+ {[%clk
00:53:04]} Kg7 {[%clk 00:16:19]} {[%emt 00:04:32]} 31. Bh5 {[%clk 00:53:04]}
{[%emt 00:00:02]} f4 {[%clk 00:14:38]} {[%emt 00:01:51]} 32. Qxe4 {[%clk
00:42:17]} {[%emt 00:10:56]} Bb7 {[%clk 00:14:38]} {[%emt 00:00:10]} 33. Qxb7+
{[%clk 00:42:17]} {[%emt 00:00:02]} Rxb7 {[%clk 00:14:38]} {[%emt 00:00:04]} 34.
Bxg4 {[%clk 00:42:17]} {[%emt 00:00:08]} fxg3 {[%clk 00:13:49]} {[%emt
00:01:00]} 35. fxg3 {[%clk 00:42:17]} {[%emt 00:00:06]} Bxb2 {[%clk 00:09:09]}
{[%emt 00:04:50]} 36. Rb1 {[%clk 00:42:17]} {[%emt 00:00:07]} Qc6+ {[%clk
00:09:04]} {[%emt 00:00:16]} 37. Kh3 {[%clk 00:38:24]} {[%emt 00:04:02]} Bxc1
{[%clk 00:09:04]} {[%emt 00:00:11]} 38. Rxb7+ {[%clk 00:36:15]} {[%emt
00:02:18]} Qxb7 {[%clk 00:09:04]} {[%emt 00:00:02]} 39. Rxc1 {[%clk 00:36:07]}
{[%emt 00:00:18]} Qd5 {[%clk 00:08:38]} {[%emt 00:00:35]} 40. a4 {[%clk
00:34:45]} {[%emt 00:01:33]} Qe4 {[%clk 00:07:24]} {[%emt 00:01:24]} 41. Bd7
{[%clk 00:33:21]} {[%emt 00:01:34]} Qd4 {[%clk 00:07:24]} {[%emt 00:00:08]} 42.
Rc7 {[%clk 00:32:52]} {[%emt 00:00:39]} Kf8 {[%clk 00:06:50]} {[%emt 00:00:43]}
43. Bc6 {[%clk 00:31:04]} {[%emt 00:01:58]} Qc4 {[%clk 00:05:19]} {[%emt
00:01:42]} 44. Kh2 {[%clk 00:28:49]} {[%emt 00:02:25]} g4 {[%clk 00:05:19]}
{[%emt 00:00:07]} 45. Kg1 {[%clk 00:27:51]} {[%emt 00:01:07]} Qc1+ {[%clk
00:04:22]} {[%emt 00:01:07]} 46. Kh2 {[%clk 00:27:47]} {[%emt 00:00:13]} Qh6+
{[%clk 00:04:22]} {[%emt 00:00:07]} 47. Kg1 {[%clk 00:27:40]} {[%emt 00:00:16]}
Qd6 {[%clk 00:03:21]} {[%emt 00:01:11]} 48. Rc8+ {[%clk 00:27:40]} {[%emt
00:00:03]} Kg7 {[%clk 00:03:13]} {[%emt 00:00:17]} 49. Kh2 {[%clk 00:27:39]}
{[%emt 00:00:12]} Qc5 {[%clk 00:03:08]} {[%emt 00:00:14]} 50. Bb7 {[%clk
00:27:14]} {[%emt 00:00:36]} Qh5+ {[%clk 00:02:15]} {[%emt 00:01:03]} 51. Kg1
{[%clk 00:27:14]} {[%emt 00:00:04]} Qa5 {[%clk 00:01:57]} {[%emt 00:00:28]} 52.
Bc6 {[%clk 00:26:35]} {[%emt 00:00:48]} Qc5+ {[%clk 00:01:57]} {[%emt
00:00:04]} 53. Kh2 {[%clk 00:26:26]} {[%emt 00:00:18]} Qc4 {[%clk 00:01:57]}
{[%emt 00:00:06]} 54. Kg1 {[%clk 00:25:20]} {[%emt 00:01:16]} Kf6 {[%clk
00:01:57]} {[%emt 00:00:06]} 55. Kh2 {[%clk 00:24:16]} {[%emt 00:01:12]} Ke5
{[%clk 00:01:57]} {[%emt 00:00:04]} 56. Re8+ {[%clk 00:21:38]} {[%emt
00:02:49]} Kd6 {[%clk 00:01:51]} {[%emt 00:00:15]} 57. Bg2 {[%clk 00:21:24]}
{[%emt 00:00:24]} Qxa4 {[%clk 00:01:51]} {[%emt 00:00:03]} 58. Re4 {[%clk
00:21:24]} {[%emt 00:00:04]} Qd1 {[%clk 00:01:50]} {[%emt 00:00:11]} 59. Rf4
{[%clk 00:21:15]} {[%emt 00:00:20]} a5 {[%clk 00:01:48]} {[%emt 00:00:10]} 60.
Rf1 {[%clk 00:20:35]} {[%emt 00:00:52]} Qe2 {[%clk 00:01:46]} {[%emt 00:00:11]}
61. Rf4 {[%clk 00:20:35]} {[%emt 00:00:02]} Kc5 {[%clk 00:01:46]} {[%emt
00:00:07]} 62. Re4 {[%clk 00:19:47]} {[%emt 00:00:59]} Qd1 {[%clk 00:01:40]}
{[%emt 00:00:15]} 63. Re5+ {[%clk 00:19:47]} {[%emt 00:00:02]} Kb4 {[%clk
00:01:40]} {[%emt 00:00:07]} 64. Re4+ {[%clk 00:19:47]} {[%emt 00:00:08]} Kc3
{[%clk 00:01:40]} {[%emt 00:00:04]} 65. Re8 {[%clk 00:19:28]} {[%emt 00:00:30]}
a4 {[%clk 00:01:40]} {[%emt 00:00:04]} 66. Rc8+ {[%clk 00:19:28]} {[%emt
00:00:03]} Kb2 {[%clk 00:01:40]} {[%emt 00:00:08]} 67. Rb8+ {[%clk 00:19:28]}
{[%emt 00:00:04]} Ka3 {[%clk 00:01:40]} {[%emt 00:00:06]} 68. Rb5 {[%clk
00:19:28]} {[%emt 00:00:05]} Qe2 {[%clk 00:01:40]} {[%emt 00:00:02]} 69. Rb7
{[%clk 00:19:19]} {[%emt 00:00:20]} Ka2 {[%clk 00:01:40]} {[%emt 00:00:03]} 70.
Kg1 {[%clk 00:18:55]} {[%emt 00:00:35]} a3 {[%clk 00:01:40]} {[%emt 00:00:08]}
71. Rf7 {[%clk 00:18:11]} {[%emt 00:00:54]} Qe3+ {[%clk 00:01:40]} {[%emt
00:00:08]} 72. Kh2 {[%clk 00:18:11]} {[%emt 00:00:03]} Kb2 {[%clk 00:01:40]}
{[%emt 00:00:08]} 73. Rb7+ {[%clk 00:18:11]} {[%emt 00:00:03]} Ka1 {[%clk
00:01:40]} {[%emt 00:00:02]} 74. Rb4 {[%clk 00:18:05]} {[%emt 00:00:16]} Qe2
{[%clk 00:01:38]} {[%emt 00:00:12]} 75. Rb8 {[%clk 00:18:05]} {[%emt 00:00:06]}
a2 {[%clk 00:01:38]} {[%emt 00:00:04]} 76. Rb7 {[%clk 00:18:05]} {[%emt
00:00:01]} Qb2 {[%clk 00:01:29]} {[%emt 00:00:17]} 77. Rf7 {[%clk 00:16:53]}
{[%emt 00:01:22]} Qh8+ {[%clk 00:01:29]} {[%emt 00:00:07]} 78. Kg1 {[%clk
00:16:53]} {[%emt 00:00:03]} Qd4 {[%clk 00:01:29]} {[%emt 00:00:05]} 79. Kh2
{[%clk 00:16:53]} {[%emt 00:00:02]} Kb2 {[%clk 00:01:29]} {[%emt 00:00:04]} 80.
Rb7+ {[%clk 00:16:53]} {[%emt 00:00:03]} Kc1 {[%clk 00:01:29]} {[%emt
00:00:02]} 81. Rc7+ {[%clk 00:16:53]} {[%emt 00:00:06]} Kd2 {[%clk 00:01:29]}
0-1

[Event "2024 US National High School (K-12) Championship"]
[Site "Baltimore, Maryland, United States"]
[Date "2024.04.06"]
[Round "4.3"]
[White "Padhye, Rohan"]
[Black "Hardaway, Brewington"]
[Result "0-1"]
[TimeControl "G/90; d10"]
[BlackTitle "FM"]
[WhiteFideId "30946034"]
[BlackFideId "30941849"]
[WhiteElo "2321"]
[BlackElo "2525"]

1. e4 {[%clk 01:28:37]} {[%emt 00:01:32]} e6 {[%clk 01:30:00]} {[%emt
00:00:05]} 2. d4 {[%clk 01:28:36]} {[%emt 00:00:11]} d5 {[%clk 01:30:00]}
{[%emt 00:00:04]} 3. Nc3 {[%clk 01:28:28]} {[%emt 00:00:18]} Nf6 {[%clk
01:30:00]} {[%emt 00:00:07]} 4. e5 {[%clk 01:28:28]} {[%emt 00:00:06]} Nfd7
{[%clk 01:30:00]} {[%emt 00:00:03]} 5. f4 {[%clk 01:28:28]} {[%emt 00:00:07]}
c5 {[%clk 01:30:00]} {[%emt 00:00:03]} 6. Nf3 {[%clk 01:28:28]} {[%emt
00:00:10]} Nc6 {[%clk 01:30:00]} {[%emt 00:00:03]} 7. Be3 {[%clk 01:28:07]}
{[%emt 00:00:31]} Qb6 {[%clk 01:30:00]} {[%emt 00:00:04]} 8. Qd2 {[%clk
01:24:20]} {[%emt 00:03:56]} Qxb2 {[%clk 01:21:01]} {[%emt 00:09:10]} 9. Rb1
{[%clk 01:24:14]} {[%emt 00:00:16]} Qa3 {[%clk 01:21:01]} {[%emt 00:00:05]} 10.
Rb3 {[%clk 01:16:48]} {[%emt 00:07:36]} Qa5 {[%clk 01:21:00]} {[%emt 00:00:11]}
11. Nb5 {[%clk 01:16:48]} {[%emt 00:00:09]} Rb8 {[%clk 01:11:53]} {[%emt
00:09:18]} 12. Nd6+ {[%clk 01:12:59]} {[%emt 00:03:58]} Bxd6 {[%clk 01:11:24]}
{[%emt 00:00:40]} 13. exd6 {[%clk 01:12:59]} {[%emt 00:00:07]} Qxd2+ {[%clk
01:11:22]} {[%emt 00:00:12]} 14. Kxd2 {[%clk 01:12:47]} {[%emt 00:00:21]} c4
{[%clk 01:07:59]} {[%emt 00:03:34]} 15. Ra3 {[%clk 01:10:25]} {[%emt 00:02:31]}
Nf6 {[%clk 01:07:09]} {[%emt 00:01:00]} 16. f5 {[%clk 01:05:46]} {[%emt
00:04:49]} Ne4+ {[%clk 01:06:33]} {[%emt 00:00:47]} 17. Kc1 {[%clk 01:05:32]}
{[%emt 00:00:23]} Nxd6 {[%clk 01:06:25]} {[%emt 00:00:19]} 18. Bf4 {[%clk
01:04:34]} {[%emt 00:01:07]} Ke7 {[%clk 01:05:30]} {[%emt 00:01:06]} 19. Ne5
{[%clk 00:57:12]} {[%emt 00:07:32]} Ra8 {[%clk 01:04:28]} {[%emt 00:01:13]} 20.
Nxc6+ {[%clk 00:56:17]} {[%emt 00:01:04]} bxc6 {[%clk 01:04:28]} {[%emt
00:00:03]} 21. fxe6 {[%clk 00:56:02]} {[%emt 00:00:25]} Bxe6 {[%clk 01:04:28]}
{[%emt 00:00:06]} 22. Ra6 {[%clk 00:53:12]} {[%emt 00:03:00]} Kd7 {[%clk
01:04:27]} {[%emt 00:00:11]} 23. Be2 {[%clk 00:52:50]} {[%emt 00:00:30]} Nb5
{[%clk 01:03:39]} {[%emt 00:00:59]} 24. Rd1 {[%clk 00:51:17]} {[%emt 00:01:43]}
Rhe8 {[%clk 01:02:55]} {[%emt 00:00:54]} 25. Bf3 {[%clk 00:48:53]} {[%emt
00:02:33]} Bf5 {[%clk 01:02:02]} {[%emt 00:01:04]} 26. a4 {[%clk 00:45:50]}
{[%emt 00:03:13]} Nc3 {[%clk 00:56:07]} {[%emt 00:06:05]} 27. Rf1 {[%clk
00:45:45]} {[%emt 00:00:15]} Ne2+ {[%clk 00:55:22]} {[%emt 00:00:55]} 28. Bxe2
{[%clk 00:45:45]} {[%emt 00:00:09]} Rxe2 {[%clk 00:55:22]} {[%emt 00:00:04]} 29.
Bg3 {[%clk 00:45:40]} {[%emt 00:00:14]} Bg6 {[%clk 00:55:22]} {[%emt 00:00:08]}
30. Rf2 {[%clk 00:45:14]} {[%emt 00:00:36]} Rxf2 {[%clk 00:55:14]} {[%emt
00:00:18]} 31. Bxf2 {[%clk 00:45:14]} {[%emt 00:00:04]} Kc7 {[%clk 00:55:14]}
{[%emt 00:00:04]} 32. Ra5 {[%clk 00:44:25]} {[%emt 00:00:59]} Kb7 {[%clk
00:55:03]} {[%emt 00:00:22]} 33. Rc5 {[%clk 00:44:25]} {[%emt 00:00:08]} Re8
{[%clk 00:55:03]} {[%emt 00:00:04]} 34. Kd2 {[%clk 00:44:25]} {[%emt 00:00:06]}
Bxc2 {[%clk 00:55:03]} {[%emt 00:00:10]} 35. a5 {[%clk 00:44:25]} {[%emt
00:00:05]} Ba4 {[%clk 00:54:57]} {[%emt 00:00:16]} 0-1

[Event "2024 US National High School (K-12) Championship"]
[Site "Baltimore, Maryland, United States"]
[Date "2024.04.06"]
[Round "4.4"]
[White "Reiss, Aiden"]
[Black "Yesuntumur, Tugstumur"]
[Result "0-1"]
[TimeControl "G/90; d10"]
[BlackTitle "FM"]
[WhiteFideId "30955114"]
[BlackFideId "4902521"]
[WhiteElo "2287"]
[BlackElo "2478"]

1. e4 {[%clk 01:20:24]} {[%emt 00:09:46]} c5 {[%clk 01:30:00]} {[%emt
00:00:06]} 2. Nf3 {[%clk 01:20:24]} {[%emt 00:00:02]} e6 {[%clk 01:30:00]}
{[%emt 00:00:07]} 3. d4 {[%clk 01:20:15]} {[%emt 00:00:19]} cxd4 {[%clk
01:30:00]} {[%emt 00:00:05]} 4. Nxd4 {[%clk 01:20:15]} {[%emt 00:00:02]} Nc6
{[%clk 01:30:00]} {[%emt 00:00:05]} 5. Nc3 {[%clk 01:20:15]} {[%emt 00:00:08]}
Qc7 {[%clk 01:30:00]} {[%emt 00:00:04]} 6. Be3 {[%clk 01:19:21]} {[%emt
00:01:03]} a6 {[%clk 01:30:00]} {[%emt 00:00:05]} 7. g4 {[%clk 01:19:21]}
{[%emt 00:00:04]} b5 {[%clk 01:26:52]} {[%emt 00:03:19]} 8. Nxc6 {[%clk
01:19:21]} {[%emt 00:00:05]} Qxc6 {[%clk 01:26:33]} {[%emt 00:00:30]} 9. Qd2
{[%clk 01:19:09]} {[%emt 00:00:22]} Bb7 {[%clk 01:10:09]} {[%emt 00:16:35]} 10.
O-O-O {[%clk 01:17:04]} {[%emt 00:02:14]} Bb4 {[%clk 01:08:07]} {[%emt
00:02:12]} 11. Bd4 {[%clk 01:10:14]} {[%emt 00:07:01]} f6 {[%clk 01:07:29]}
{[%emt 00:00:48]} 12. a3 {[%clk 01:09:44]} {[%emt 00:00:39]} Ba5 {[%clk
01:03:07]} {[%emt 00:04:32]} 13. f3 {[%clk 00:56:14]} {[%emt 00:13:40]} e5
{[%clk 00:59:18]} {[%emt 00:03:59]} 14. Bc5 {[%clk 00:53:25]} {[%emt 00:02:59]}
Bxc3 {[%clk 00:57:02]} {[%emt 00:02:27]} 15. Qxc3 {[%clk 00:52:51]} {[%emt
00:00:43]} Rc8 {[%clk 00:57:02]} {[%emt 00:00:08]} 16. Bb4 {[%clk 00:52:21]}
{[%emt 00:00:41]} Ne7 {[%clk 00:53:15]} {[%emt 00:03:56]} 17. Qb3 {[%clk
00:50:39]} {[%emt 00:01:53]} Qe6 {[%clk 00:48:28]} {[%emt 00:04:57]} 18. Qxe6
{[%clk 00:50:27]} {[%emt 00:00:22]} dxe6 {[%clk 00:48:28]} {[%emt 00:00:03]} 19.
Bh3 {[%clk 00:44:23]} {[%emt 00:06:14]} Ng6 {[%clk 00:46:00]} {[%emt 00:02:38]}
20. Rd6 {[%clk 00:43:49]} {[%emt 00:00:44]} Nf4 {[%clk 00:44:38]} {[%emt
00:01:33]} 21. Rhd1 {[%clk 00:43:29]} {[%emt 00:00:28]} Bc6 {[%clk 00:36:41]}
{[%emt 00:08:08]} 22. Bf1 {[%clk 00:43:15]} {[%emt 00:00:23]} Kf7 {[%clk
00:35:44]} {[%emt 00:01:08]} 23. Bd2 {[%clk 00:32:14]} {[%emt 00:11:11]} g5
{[%clk 00:31:46]} {[%emt 00:04:08]} 24. a4 {[%clk 00:28:25]} {[%emt 00:04:00]}
Ng6 {[%clk 00:27:34]} {[%emt 00:04:21]} 25. axb5 {[%clk 00:28:25]} {[%emt
00:00:07]} axb5 {[%clk 00:27:23]} {[%emt 00:00:22]} 26. Bb4 {[%clk 00:25:01]}
{[%emt 00:03:33]} h5 {[%clk 00:25:54]} {[%emt 00:01:39]} 27. h3 {[%clk
00:20:24]} {[%emt 00:04:47]} hxg4 {[%clk 00:25:19]} {[%emt 00:00:45]} 28. hxg4
{[%clk 00:20:24]} {[%emt 00:00:02]} Rh2 {[%clk 00:21:20]} {[%emt 00:04:09]} 29.
R6d2 {[%clk 00:19:20]} {[%emt 00:01:14]} Rh1 {[%clk 00:20:51]} {[%emt
00:00:39]} 30. Rd3 {[%clk 00:17:56]} {[%emt 00:01:34]} Be8 {[%clk 00:16:45]}
{[%emt 00:04:15]} 31. Bd2 {[%clk 00:16:15]} {[%emt 00:01:51]} Nh4 {[%clk
00:12:34]} {[%emt 00:04:22]} 32. Rb3 {[%clk 00:16:11]} {[%emt 00:00:13]} Rh2
{[%clk 00:12:04]} {[%emt 00:00:41]} 33. Bxb5 {[%clk 00:13:38]} {[%emt
00:02:44]} Bxb5 {[%clk 00:12:04]} {[%emt 00:00:02]} 34. Rxb5 {[%clk 00:13:38]}
{[%emt 00:00:02]} Nxf3 {[%clk 00:12:04]} {[%emt 00:00:06]} 35. c3 {[%clk
00:11:30]} {[%emt 00:02:17]} Ra8 {[%clk 00:11:30]} {[%emt 00:00:43]} 36. Rb7+
{[%clk 00:10:25]} {[%emt 00:01:16]} Ke8 {[%clk 00:11:07]} {[%emt 00:00:33]} 37.
b4 {[%clk 00:08:41]} {[%emt 00:01:54]} Ra1+ {[%clk 00:11:07]} {[%emt 00:00:08]}
38. Kc2 {[%clk 00:08:41]} {[%emt 00:00:04]} Rxd1 {[%clk 00:11:07]} {[%emt
00:00:04]} 39. Kxd1 {[%clk 00:08:41]} {[%emt 00:00:07]} Nxd2 {[%clk 00:11:07]}
{[%emt 00:00:07]} 40. b5 {[%clk 00:08:22]} {[%emt 00:00:29]} Nxe4 {[%clk
00:11:07]} {[%emt 00:00:04]} 41. c4 {[%clk 00:08:22]} {[%emt 00:00:06]} Kd8
{[%clk 00:09:28]} {[%emt 00:01:49]} 42. Rf7 {[%clk 00:08:11]} {[%emt 00:00:21]}
Rb2 {[%clk 00:09:16]} {[%emt 00:00:21]} 43. c5 {[%clk 00:07:22]} {[%emt
00:01:00]} Rxb5 {[%clk 00:09:16]} {[%emt 00:00:06]} 0-1